| 000 | 00929nam a2200277 i 4500 | ||
|---|---|---|---|
| 003 | EG-GICUC | ||
| 005 | 20260222174710.0 | ||
| 008 | 260222s1967 sz ||||fr ||| 00| 0 eng d | ||
| 040 |
_aEG-GICUC _cEG-GICUC _dEG-GICUC _erda _beng |
||
| 082 | 0 | 4 |
_221 _a341.71 _bWO . B |
| 092 | 0 | 4 | _221 |
| 099 | _aLaw1 11 341.71 WO . B 1967 | ||
| 110 |
_aWorld Meteorological Organization _eAuthor. |
||
| 245 |
_aBasic Documents : _bExcluding The Technical Regulations / _cWorld Meteorological Organization . |
||
| 264 | 0 |
_aGeneve : _bWorld Meteorological Organization , _c1967 . |
|
| 300 |
_a166 Pages; _c30 cm. |
||
| 336 |
_atext _2rda content |
||
| 337 |
_aComputer _2rda media |
||
| 338 |
_aOnline Resource _2rda carrier |
||
| 546 | _aText in English | ||
| 650 | 0 | 4 | _aPublic International Law |
| 650 | 0 | 4 | _aInternational Politics |
| 856 | _uhttps://fll.law.cu.edu.eg/fulltext/th/B11-07827.pdf | ||
| 905 | _a59 | ||
| 942 |
_2ddc _cBK _e21 _n0 |
||
| 999 |
_c64014 _d64014 |
||